000 00903nam a2200253Ia 4500
003 OSt
005 20221005112422.0
006 a|||||r|||| 00| 0
007 ta
008 221004b |||||||| |||| 00| 0 pan d
020 _a9789382245506 (hbk)
_c200
024 _a14969
037 _b873, 14/08/2014, H.K. Prakashan
_cTextual
040 _aCRL
_cCRL
_bpan
041 _2pan
_apan
082 _aO168,1x, 153Q3
100 _aਜੈਨ, ਸਤੀF
_9624335
245 0 _aਉਰਦੂ ਮੁFਾਇਰੇ
_b ਮੁFਾਇਰਿਆਂ ਦੀ ਚੋਣਵੀ੍ਵ Fਾਇਰੀ
260 _aਚੰਡੀਗੜ
_bਸਾਇ੍ਵਸ ਐ੍ਵਡ ਜਨਰਲ ਭਾਰਤ
_c2013
300 _a234ਪੰ
_ccm.
650 _aਉਰਦੂ ਸਾਹਿਤ
942 _hO168,1x, 153Q3
_cTEXL
_2cc
999 _c1024830
_d1024830